02265nam a2200205 a 4500001001300000003000900013005001700022008004100039020002400080082001500104100001800119245004000137260003900177300000900216500003500225505001000260505175800270650001302028700001802041nice12345678IN_TiNIC20260116013235.0050524s1993 dela grp 000 0 eng  a8120824 c900000a294.5bMAX aMax Muller, F aSacred Books of the East, Upanishad aDelhi bMotilal Banarsidass c1993 a324p aincludes index and biblioraphy2 aIndex2 aIndex00gV6P1.tC1, the Qur`an.--gV6P1.tC2, the Qur`an.--gV9P2.tQur`an.--gV1P1.tSacred Books of the East.--gV2 P1.tSacred Laws of the Aryas.--gV3 P1.tSacred Books of China.--gV4 P1.tZend-Avesta.--gV5 P1.tPahlavi Text.--gV6 P1.tQur`an.--gV7.tInstitutes of Vishno.--gV8.tBhagvadgita With the Sanatsujatiya and Anugita.--gV9 P2.tQur`an.--gV10.tDhammapada Collections of Verses.--gV11.tBuddhist-Suttas.--gV12P1.tSatapatha-Brahmana.--gV13P1.tVinaya Texts.--gV14P2.tSacred Laws of the Aryas.--gV15P2.tUpnishads.--gV16P2.tSacred Books of China.--gV17P2.tVinaya Texts.--gV18P2.tPahlavi Texts.--gV19.tFo-sho-hing-tsan-king, Life of Buddha.--gV20P3.tVinaya Texts.--gV21.tSaddharma-Pundarika Or the Lotus of the True Law.--gV22P1.tJaina Sutras.--gV23P2.tZend-Avesta.--gV24P3.tPahlavi Texts.--gV25.tLaws of Mano.--gV26P2.tSatapatha Brahmana.--gV27P3.tSacred Books of China.--gV28P4.tSacred Books of China the Texts of Confucianism.--gV29P1.tGrihya-Sutras Rules of Vedic Domestic Ceremonies.--gV30P2.tGrihya-Sutras Rules of Vedic Domestic Ceremonies.--gV31P3.tZend-Avesta.--gV32P1.tVedic Hymns.--gV33.tMinor Law-Books.--gV34P1.tVedanta Sutras.--gV35P1.tQuestions of King Milinda.--gV36P2.tQuestions of King Milinda.--gV37P4.tPahlavi Texts.--gV38P2.tVedanta Sutras.--gV39P5.tSacred Books of China, Texts of Taoism.--gV40P6.tSacred Books of China, Texts of Taoism.--gV41P3.tSatapatha Brahmana.--gV42.tHymns of the Atharva-Veda.--gV43P4.tSatapatha-Brahmana.--gV44P5.tSatapatha-Brahamana.--gV45P2.tJaina Sutras.--gV46P2.tVedic Hymns.--gV47P5.tPahalvi Texts.--gV48P3.tVedanta Sutras.--gV49P2.tBuddhist Mahayana Texts.--gV50.tGeneral Index to the Names and Subject-Mat aHinduism1 aMax Muller, F